Instructional design
Αποθηκεύτηκε σε:
| Κύριος συγγραφέας: | |
|---|---|
| Άλλοι συγγραφείς: | |
| Μορφή: | Βιβλίο |
| Γλώσσα: | English |
| Δημοσίευση: |
New York :
John Wiley,
1999
|
| Έκδοση: | 2nd ed. |
| Θέματα: | |
| Ετικέτες: |
Προσθήκη ετικέτας
Δεν υπάρχουν, Καταχωρήστε ετικέτα πρώτοι!
|
MARC
| LEADER | 00000nam a2200000 i 4500 | ||
|---|---|---|---|
| 001 | 1/14524 | ||
| 008 | 001205s1999 eng d | ||
| 020 | |a 0-471-36570-X | ||
| 035 | |l 10065032 | ||
| 040 | |a GR-MY-UA |b gre |e aacr | ||
| 041 | 0 | |a eng | |
| 082 | 0 | |a 371.3 | |
| 100 | 1 | |a Smith, Patricia L. | |
| 245 | 1 | 0 | |a Instructional design / |c Patricia L. Smith, Tillman J. Ragan |
| 250 | |a 2nd ed. | ||
| 260 | |a New York : |b John Wiley, |c 1999 | ||
| 300 | |a 399 p. | ||
| 650 | 0 | 0 | |a Instructional systems |x Design. |
| 700 | 1 | |a Ragan, Tillman J. | |
| 852 | |a INST |b RHODES |e 20001205 |h 371.3 SMI |p 005400017458 |q 005400017458 |t BK |y 0 | ||
| 901 | |a BIBL4-2000-3 | ||
| 909 | |a Ρ |b 082375 | ||
| 922 | |a 4ΕΛΗ |b 200010 |c ΚΠΣ/Ν | ||
| 970 | |a ΚΟΥΛΑΚΙΟΤΗ |b ΛΙΤΣΑ |z 2000/12/05 | ||